No tan diferents / (Record no. 23680)

MARC details
000 -CABECERA
campo de control de longitud fija 00744naa a22002297a 4500
001 - NÚMERO DE CONTROL
campo de control vtls000027297
003 - IDENTIFICADOR DEL NÚMERO DE CONTROL
campo de control ES-BaIT
005 - FECHA Y HORA DE LA ÚLTIMA TRANSACCIÓN
campo de control 20241115175340.0
007 - CAMPO FIJO DE DESCRIPCIÓN FÍSICA--INFORMACIÓN GENERAL
campo de control de longitud fija t|
008 - DATOS DE LONGITUD FIJA--INFORMACIÓN GENERAL
campo de control de longitud fija 111114s1997 spc|||||| |00| |cat|d
010 ## - NÚMERO DE CONTROL DE LA BIBLIOTECA DEL CONGRESO
Número de control de LC 27297
035 ## - NÚMERO DE CONTROL DEL SISTEMA
Número de control de sistema 0027-29760
039 #9 - NIVEL DE CONTROL BIBLIOGRÁFICO Y DETALLES DE CODIFICACIÓN [OBSOLETO]
Nivel de reglas en descripción bibliográfica 201403072315
Nivel de esfuerzo utilizado para asignar no-encabezamientos de materia en puntos de acceso VLOAD
Nivel de esfuerzo utilizado en la asignación de encabezamientos de materia 201303092011
Nivel de esfuerzo utilizado para asignar clasificación VLOAD
Nivel de esfuerzo utilizado en la asignación de encabezamientos de materia 201111141538
Nivel de esfuerzo utilizado para asignar clasificación VLOAD
100 1# - ENTRADA PRINCIPAL--NOMBRE DE PERSONA
Nombre de persona Ruiz Ayala, Àngel
9 (RLIN) 43949
245 10 - MENCIÓN DE TÍTULO
Título No tan diferents /
Mención de responsabilidad, etc. Àngel Ruiz Ayala
500 ## - NOTA GENERAL
Nota general Monòleg en un acte. Drama
500 ## - NOTA GENERAL
Nota general P1: D1 i altres
773 0# - ENLACE AL DOCUMENTO FUENTE/ENTRADA DE REGISTRO ANFITRIÓN
Encabezamiento principal Tilve, Eduard.
Lugar, editor y fecha de publicación Barcelona : AADPC, 1997
Número de control del registro vtls000027292
Número Internacional Estándar del Libro 84-89826-05-6
Número bibliográfico anfitrión 23675
Título Crec que tinc un dubte / Eduard Tilve. No tan diferents / Àngel Ruiz Ayala
790 ## - Identificador-font
w 0027-29260
790 ## - Identificador-font
a 002729260
942 ## - ELEMENTOS DE ENTRADA AGREGADA (KOHA)
Tipo de ítem Koha Article
Fuente del sistema de clasificación o colocación Clasificación decimal universal

No items available.

Powered by Koha